000 00635cam a22002054a 4500
001 13868199
005 20250131192657.0
008 050211s2006 paua 000 0 eng
020 _a9781416003076
020 _a141600307X
050 0 0 _aRC76
_b.S95 2006
082 0 0 _a616/.07/54
_222
100 1 _aSwartz, Mark H.
245 1 0 _aTextbook of physical diagnosis :
_bhistory and examination /
_cMark H. Swartz.
250 _a5th ed.
260 _aPhiladelphia :
_bSaunders/Elsevier,
_c2006
300 _axvii, 909 p. :
_bcol. ill. ;
_c28 cm.
_e1 computer disc (4 3/4 in.)
650 0 _aPhysical diagnosis.
942 _2lcc
_cBK
_e5th ed.
_n0
999 _c3324
_d3324